Kinh doanh dịch vụ thiết kế web

Guardat en:
Dades bibliogràfiques
Autor principal: Smith, Jim
Format: Llibre
Idioma:Undetermined
Publicat: Hà Nội Thống kê 2004
Matèries:
Etiquetes: Afegir etiqueta
Sense etiquetes, Sigues el primer a etiquetar aquest registre!
Thư viện lưu trữ: Trung tâm Học liệu Trường Đại học Cần Thơ
LEADER 00528nam a2200193Ia 4500
001 CTU_96102
008 210402s9999 xx 000 0 und d
020 |c 33000 
082 |a 338.76 
082 |b S651 
100 |a Smith, Jim 
245 0 |a Kinh doanh dịch vụ thiết kế web 
245 0 |c Jim smith 
260 |a Hà Nội 
260 |b Thống kê 
260 |c 2004 
650 |a World wide web (Information retrieval systems) 
904 |i Truc 
980 |a Trung tâm Học liệu Trường Đại học Cần Thơ